The Future of UK Services Trade Post-Brexit: Unlikely to Be Bright (Record no. 8803)

MARC details
000 -LEADER
fixed length control field 01848nam a22003017u 4500
001 - CONTROL NUMBER
control field pwiiw4961
003 - CONTROL NUMBER IDENTIFIER
control field OSt
005 - DATE AND TIME OF LATEST TRANSACTION
control field 20260516120038.0
008 - FIXED-LENGTH DATA ELEMENTS--GENERAL INFORMATION
fixed length control field 190613t2019 au ||||| |||| 00| ||eng d
040 ## - CATALOGING SOURCE
Transcribing agency OSt
041 ## - LANGUAGE CODE
Language code of text/sound track or separate title eng
084 ## - OTHER CLASSIFICATION NUMBER
Classification number L80
-- F13
-- F15
Number source jelc
100 1# - MAIN ENTRY--PERSONAL NAME
Personal name Pindyuk, Olga
245 10 - TITLE STATEMENT
Title The Future of UK Services Trade Post-Brexit: Unlikely to Be Bright
260 ## - PUBLICATION, DISTRIBUTION, ETC.
Place of publication, distribution, etc. Wien :
Name of publisher, distributor, etc. Wiener Institut für Internationale Wirtschaftsvergleiche (wiiw),
Date of publication, distribution, etc. 2019.
300 ## - PHYSICAL DESCRIPTION
Extent 13 S.,
Other physical details 2 Tables and 7 Figures,
Dimensions 30cm.
490 1# - SERIES STATEMENT
Series statement wiiw Policy Notes and Reports
Volume/sequential designation 31
520 ## - SUMMARY, ETC.
Summary, etc. Trade in services was overshadowed by trade in goods in the Brexit debate, undeservingly so as services account for almost half of the UK cross-border exports and the EU is a major market for UK services exporters. Leaving the EU Single Market in services will cause increased regulatory costs of trading services and could have significant effects on the volume and composition of UK services exports under any exit deal. The highest rise in trade costs is to be expected in professional services, such as legal services, architecture, engineering, and accounting. With a rise in cross-border trade barriers there would be a relative increase in the proportion of services provided via a more costly physical presence within the EU. Regulatory heterogeneity among the EU members towards third countries will be an additional factor behind significant shifts in the sectoral and geographic composition of the UK services exports.<br/>
650 ## - SUBJECT ADDED ENTRY--TOPICAL TERM
Topical term or geographic name entry element services trade
650 ## - SUBJECT ADDED ENTRY--TOPICAL TERM
Topical term or geographic name entry element Brexit
650 ## - SUBJECT ADDED ENTRY--TOPICAL TERM
Topical term or geographic name entry element Single Market
651 ## - SUBJECT ADDED ENTRY--GEOGRAPHIC NAME
Geographic name European Union
651 ## - SUBJECT ADDED ENTRY--GEOGRAPHIC NAME
Geographic name United Kingdom
690 ## - LOCAL SUBJECT ADDED ENTRY--TOPICAL TERM (OCLC, RLIN)
Topical term or geographic name as entry element International Trade, Competitiveness and FDI
830 #0 - SERIES ADDED ENTRY--UNIFORM TITLE
Volume/sequential designation 31
Bibliographic record control number WIIW0000092
Title of a work wiiw Policy Notes and Reports
856 40 - ELECTRONIC LOCATION AND ACCESS
Uniform Resource Identifier <a href="https://wiiw.ac.at/p-4961.html">https://wiiw.ac.at/p-4961.html</a>
942 ## - ADDED ENTRY ELEMENTS (KOHA)
Koha item type Paper
Holdings
Withdrawn status Lost status Damaged status Not for loan Home library Current library Shelving location Date acquired Inventory number Total Checkouts Full call number Barcode Date last seen Price effective from Koha item type
        WIIW WIIW Library 06/13/2019 pwiiw4961   31 1000010004961 06/13/2019 06/14/2019 Paper
The Vienna Instiute for International Economic Studies (wiiw)